01250nab a22002057a 4500003000400000005001700004008004100021040000700062100002400069245016200093300001200255505042400267505007200691650002300763650005200786650002400838650003200862650004700894773010300941OSt20260106185730.0190514b xxu||||| |||| 00| 0 spa d cPJ aBertolé, Cecilia 13aLa incorporación de los principios sustantivos de la Convención Internacional de los Derechos del Niño en los procesos de familia /cCecilia Bertolé. ap. 3-10 aSumario: I. El surgimiento de la perspectiva de niñez y su incorporación en los procesos locales.— II. La función interpretativa como central.— III. El interés superior del niño.— IV. El derecho a la participación.— V. El derecho a la vida, la supervivencia y el desarrollo.— VI. El principio de igualdad y no discriminación.— VII. Test de principios sustantivos.— VIII. Reflexiones finales. tSi te interesa el texto, comunicate a koha@justierradelfuego.gov.ar 0aDERECHO DE FAMILIA 0aDERECHOS DE LAS NIÑAS, NIÑOS Y ADOLESCENTES 0aPROCESOS DE FAMILIA 0aINTERES SUPERIOR DEL NIÑO 0aCONVENCIÓN SOBRE LOS DERECHOS DEL NIÑO0 02844dBuenos Aires : AbeledoPerrot, 1989-tDerecho de familia. N° 116 - Septiembre 2024z18511201